Places by Their Native Names - Statistics

General Stats
  • This quiz has been taken 115 times
  • The average score is 24 of 33
Answer Stats
Foreign English % Correct
Napoli Naples
99%
Deutschland Germany
98%
Moskva Moscow
98%
München Munich
97%
La Habana Havana
95%
Côte d'Ivoire Ivory Coast
95%
Warszawa Warsaw
94%
Wien Vienna
93%
Köln Cologne
92%
Éire Ireland
92%
Praha Prague
92%
København Copenhagen
91%
Den Haag The Hague
89%
Bretagne Brittany
88%
Schweiz Switzerland
88%
Firenze Florence
86%
Yerushaláyim Jerusalem
84%
Magyarország Hungary
82%
Alpen Alps
75%
Kampuchea Cambodia
73%
Bayern Bavaria
71%
ar-Ribāṭ Rabat
70%
Uluru Ayer's Rock
69%
Baile Átha Cliath Dublin
53%
Vlaanderen Flanders
49%
al-Qāhirah Cairo
48%
Sachsen Saxony
47%
ʾĪtyōṗṗyā Ethiopia
46%
Chennai Madras
44%
Denali Mt McKinley
40%
Sakartvelo Georgia
39%
Kärnten Carinthia
10%
Urbs Rome
7%
No matching quizzes found
Score Distribution
Percent of People with Each Score
Percentile by Number Answered
Your Score History
You have not taken this quiz